1012 1541 1120 1627 1139 1036 1387 1314 1773 1108 1917 1965 1962 1278 1422 1429 1217 1678 1663 1761 1745 1415 1822 1716 1104 1381 1063 1830 1138 1082 1877 1994 1482 1432 1976 1947 1991 1854 1091 1406 1392 1216 1132 1480 1154 1831 1073 1124 1496 1700 1750 1192 1008 1552 1615 1296 1745 1462 1558 1146 1504 1743 1802 1133 1423 1769 1480 1913 1007 1589 1422 1628 1396 1042 1032 1667 1166 1115 1277 1264 1083 1874 1995 1051 1250 1623 1525 1839 1342 1876 1070 1912 1954 1204 1276 1931 1502 1923 1589 BCNSPRNW ULIB Ver.6.0+V

เปลี่ยนเป็นภาษาไทย

Change to English
 แสดงรายละเอียดบรรณานุกรม
  กลับหน้าหลัก

Brief Record : Get Marc (ISO 2709) : E-mail record : QR code < ปิดหน้าต่าง
LEADER : 00000nam 2200000uu 4500
001    13399128636
003     ULIB
008    230925s||||||||th 000 0 tha d
020    ^a9786164262577
060  0 ^aWA26.5^bจ225อ
100 0  ^aจักรพันธ์ เพ็ชรภูมิ
245 00 ^aออกแบบและสร้างสรรค์ Infographic ในงานสาธารณสุข/^cจักรพันธ์ เพ็ชรภูมิ
250    ^aพิมพ์ครั้งที่ 1
260    ^aพิษณุโลก:^bสำนักพิมพ์มหาวิทยาลัยนเรศวร,^c2565
650  0 ^aการสร้างมโนภาพสารสนเทศ
650  0 ^aการสื่อทางภาพ
650  0 ^aการสื่อทางภาพ -- สาธารณสุข
856    ^a^zสารบัญ^uhttps://drive.google.com/file/d/1aWMIbX3mFgArOFkNXg1islTYAjhAicza/view?usp=share_link
945    ^p380^l0^i29908
945    ^p380^l0^i29909
999    ^aกัณชพร จุลอักษร
รายการนี้ยังไม่มีแท็ก
คุณยังไม่ได้ล็อกอิน คุณสามารถมีกิจกรรมร่วมกับเว็บไซต์ได้ แต่ต้องล็อกอินก่อน ::
  ล็อกอิน

รายการสื่อสารสนเทศ

ลำดับที่ ประเภท เลขเรียก/บาร์โค้ด สถานที่ สถานะ
1. หนังสือสำรอง
หนังสือสำรอง
WA26.5 จ225อ ฉ.1 
  Barcode: 29908
ห้องสมุดวิทยาเขตนครสวรรค์
►หนังสือทั่วไป:l:General Books
บนชั้น
2. วิทยาศาสตร์การแพทย์ และสุขภาพ
วิทยาศาสตร์การแพทย์ และสุขภาพ
WA26.5 จ225อ ฉ.2 
  Barcode: 29909
ห้องสมุดวิทยาเขตนครสวรรค์
►หนังสือทั่วไป:l:General Books
บนชั้น

รายการใกล้เคียง
    ผู้แต่ง [จักรพันธ์ เพ็ชรภูมิ]

    หัวเรื่อง [การสร้างมโนภาพสารสนเทศ]
    หัวเรื่อง [การสื่อทางภาพ]
    หัวเรื่อง [การสื่อทางภาพ -- สาธารณสุข]

BibComment


ยังไม่เคยถูกคอมเมนท์

คอมเมนท์ทรัพยากรรายการนี้
  คอมเมนท์: ออกแบบและสร้างสร..


 Copyright 2026. Bcnsprnw @Library